| 000 | 00783nam a2200229 ar4500 | ||
|---|---|---|---|
| 001 | 4655 | ||
| 005 | 20221127091011.0 | ||
| 008 | 170405s xxua 00110|eng d | ||
| 020 |
_a9789814595292(pbk0 : _cSR287.00 |
||
| 082 | 0 | 4 |
_a621.4021 _bC332 2015 |
| 100 | 1 | _aCengelm Yunus A. | |
| 245 | 1 | 0 |
_aThermodynamics : _ban engineering approach / _cY. Cengel, M. Boles ; adapted by Mehmet Kanoglu. |
| 250 | _a8th edition in SI unites. | ||
| 260 |
_aNew York : _bMcGraw-Hill Education, _c2015. |
||
| 300 |
_axxvi, 954 p. : _bcolor illustrations ; _c26 cm. |
||
| 500 | _aPrevious edition: 2011. | ||
| 504 | _aIncludes bibl. references and index. | ||
| 650 | 4 | _aThermodynamics. | |
| 650 | 4 |
_aHeat _xTransmission. |
|
| 650 | 4 | _aHeat engineering. | |
| 700 | 0 |
_aBoles, Michael A., _ejt. author. |
|
| 999 |
_c4653 _d4653 |
||